000 00475 a2200181 4500
005 20260406144246.0
008 260406b |||||||| |||| 00| 0 eng d
020 _a9789369587742
_cRs. 799.00
040 _aMAIN
082 _a621
_bG959M
100 _aGupta, Shivam
245 _aMechanical engineering: For all AE/JE and PSU exams
260 _bS Chand
_c2026
_aNoida
300 _axii, 402
650 _aEngineering
650 _aMechanical Engineering
942 _cBK
999 _c397127
_d397127